Scottie Scheffler PGA Tour Wins - Statistics

General Stats
  • This quiz has been taken 195 times
    72 since last reset
  • The average score is 13 of 22
Answer Stats
Hint Answer % Correct
2022 Masters Tournament
98%
2024 Masters Tournament
98%
2025 PGA Championship
95%
2025 The Open Championship
82%
2023 The Players Championship
68%
2024 The Players Championship
68%
2022 WM Phoenix Open
67%
2023 WM Phoenix Open
67%
2022 Arnold Palmer Invitational
63%
2024 Arnold Palmer Invitational
63%
2024 TOUR Championship
63%
2024 RBC Heritage
61%
2025 BMW Championship
54%
2024 Memorial Tournament
53%
2025 Memorial Tournament
53%
2023 Hero World Challenge
44%
2024 Hero World Challenge
44%
2025 CJ Cup Byron Nelson
40%
2024 Travelers Championship
40%
2022 WGC - Dell Technologies Match Play
40%
2025 Procore Championship
30%
2024 Paris Olympics
28%
No matching quizzes found
Score Distribution
Percent of People with Each Score
Percentile by Number Answered
Your Score History
You have not taken this quiz since the last reset